000 00632nam a22001697a 4500
999 _c17762
_d17762
008 221215b ||||| |||| 00| 0 eng d
020 _a9786214061051
082 _22021
_aDFil 647.95068
_bC815
100 _aCornell, Daryl Ace V.
_947154
245 _aFood & beverage service procedures :
_ba comprehensive approach /
_cDaryl Ace V. Cornell.
260 _aIntramuros, Manila :
_bMindshapers Co., Inc.,
_c©2021.
300 _aviii, 281 pages :
_billustrations ;
_c25 cm.
500 _aIncludes bibliographical references.
650 _aFood service management.
_947155
650 _aBeverage management.
_947156
942 _2ddc
_cDFIL